[Event "World Youth & Cadets Rapid Championships"]
[Site "Rhodes, Greece"]
[Date "2022.05.01"]
[Round "3.32"]
[White "Czarnecka, Lidia"]
[Black "Can, Isil"]
[Result "1/2-1/2"]
[TimeControl "10'/game & 5\"/move"]
[WhiteElo "1917"]
[BlackElo "1683"]

1. e4 {[%clk 00:10:09]} e5 {[%clk 00:10:09]} {[%emt 00:00:02]} 2. Nf3 {[%clk
00:10:12]} {[%emt 00:00:02]} Nc6 {[%clk 00:10:13]} {[%emt 00:00:01]} 3. d4
{[%clk 00:10:16]} exd4 {[%clk 00:10:16]} {[%emt 00:00:02]} 4. Nxd4 {[%clk
00:10:20]} Bc5 {[%clk 00:10:17]} {[%emt 00:00:03]} 5. Nb3 {[%clk 00:10:23]}
{[%emt 00:00:02]} Bb6 {[%clk 00:10:21]} {[%emt 00:00:02]} 6. Nc3 {[%clk
00:10:24]} {[%emt 00:00:04]} Nf6 {[%clk 00:10:19]} {[%emt 00:00:07]} 7. Bg5
{[%clk 00:10:26]} {[%emt 00:00:02]} h6 {[%clk 00:10:18]} {[%emt 00:00:07]} 8.
Bh4 {[%clk 00:10:22]} {[%emt 00:00:08]} d6 {[%clk 00:09:57]} {[%emt 00:00:27]}
9. Qe2 {[%clk 00:10:08]} {[%emt 00:00:18]} a5 {[%clk 00:09:49]} {[%emt
00:00:13]} 10. a4 {[%clk 00:10:09]} {[%emt 00:00:04]} Be6 {[%clk 00:09:44]}
{[%emt 00:00:10]} 11. O-O-O {[%clk 00:09:51]} {[%emt 00:00:23]} Bxb3 {[%clk
00:08:53]} {[%emt 00:00:57]} 12. cxb3 {[%clk 00:09:54]} {[%emt 00:00:01]} Nd4
{[%clk 00:08:51]} {[%emt 00:00:08]} 13. Qc4 {[%clk 00:09:56]} {[%emt 00:00:02]}
g5 {[%clk 00:07:36]} {[%emt 00:01:20]} 14. Bg3 {[%clk 00:09:56]} {[%emt
00:00:05]} c5 {[%clk 00:07:30]} {[%emt 00:00:11]} 15. f3 {[%clk 00:09:00]}
{[%emt 00:01:00]} O-O {[%clk 00:06:02]} {[%emt 00:01:34]} 16. Nb5 {[%clk
00:08:46]} {[%emt 00:00:20]} d5 {[%clk 00:05:11]} {[%emt 00:00:57]} 17. exd5
{[%clk 00:08:46]} {[%emt 00:00:03]} Qxd5 {[%clk 00:04:59]} {[%emt 00:00:17]} 18.
Kb1 {[%clk 00:08:05]} {[%emt 00:00:46]} Qxc4 {[%clk 00:04:08]} {[%emt
00:00:57]} 19. Bxc4 {[%clk 00:07:37]} {[%emt 00:00:33]} Nxb5 {[%clk 00:03:49]}
{[%emt 00:00:24]} 20. Bxb5 {[%clk 00:07:38]} {[%emt 00:00:03]} Rfd8 {[%clk
00:03:38]} {[%emt 00:00:16]} 21. Be5 {[%clk 00:07:13]} {[%emt 00:00:30]} Ne8
{[%clk 00:03:28]} {[%emt 00:00:15]} 22. Kc2 {[%clk 00:06:38]} {[%emt 00:00:40]}
f6 {[%clk 00:03:27]} {[%emt 00:00:06]} 23. Bc3 {[%clk 00:06:38]} {[%emt
00:00:05]} Kf7 {[%clk 00:03:19]} {[%emt 00:00:14]} 24. Bd7 {[%clk 00:06:24]}
{[%emt 00:00:18]} Bc7 {[%clk 00:03:01]} {[%emt 00:00:24]} 25. Rhe1 {[%clk
00:06:24]} {[%emt 00:00:04]} Ng7 {[%clk 00:02:36]} {[%emt 00:00:31]} 26. g3
{[%clk 00:06:05]} {[%emt 00:00:23]} Ra6 {[%clk 00:02:27]} {[%emt 00:00:15]} 27.
Bb5 {[%clk 00:05:38]} {[%emt 00:00:31]} Rad6 {[%clk 00:02:28]} {[%emt
00:00:05]} 28. Rxd6 {[%clk 00:05:40]} {[%emt 00:00:03]} Rxd6 {[%clk 00:02:30]}
{[%emt 00:00:03]} 29. Bc4+ {[%clk 00:05:37]} {[%emt 00:00:08]} Kf8 {[%clk
00:02:09]} {[%emt 00:00:22]} 30. Re4 {[%clk 00:05:25]} {[%emt 00:00:20]} Nf5
{[%clk 00:02:03]} {[%emt 00:00:11]} 31. Bb5 {[%clk 00:05:03]} {[%emt 00:00:27]}
Nd4+ {[%clk 00:01:58]} {[%emt 00:00:11]} 32. Bxd4 {[%clk 00:05:01]} {[%emt
00:00:07]} Rxd4 {[%clk 00:01:17]} {[%emt 00:00:46]} 33. Re8+ {[%clk 00:05:02]}
{[%emt 00:00:04]} Kf7 {[%clk 00:01:21]} 34. Rc8 {[%clk 00:05:03]} {[%emt
00:00:03]} Bd6 {[%clk 00:00:27]} {[%emt 00:01:00]} 35. Rh8 {[%clk 00:04:55]}
{[%emt 00:00:12]} Kg7 {[%clk 00:00:29]} {[%emt 00:00:04]} 36. Rd8 {[%clk
00:04:58]} {[%emt 00:00:01]} Be5 {[%clk 00:00:32]} {[%emt 00:00:03]} 37. Ra8
{[%clk 00:04:47]} {[%emt 00:00:15]} b6 {[%clk 00:00:35]} {[%emt 00:00:03]} 38.
Ra7+ {[%clk 00:04:50]} {[%emt 00:00:02]} Kg6 {[%clk 00:00:07]} {[%emt
00:00:33]} 39. Bd3+ {[%clk 00:04:31]} {[%emt 00:00:24]} f5 {[%clk 00:00:10]}
{[%emt 00:00:02]} 40. Ra8 {[%clk 00:04:20]} {[%emt 00:00:15]} Kf6 {[%clk
00:00:10]} {[%emt 00:00:05]} 41. Rf8+ {[%clk 00:04:23]} {[%emt 00:00:02]} Ke7
{[%clk 00:00:11]} {[%emt 00:00:05]} 42. Rxf5 {[%clk 00:04:22]} {[%emt
00:00:06]} Bf6 {[%clk 00:00:15]} 43. Bc4 {[%clk 00:03:44]} {[%emt 00:00:40]} h5
{[%clk 00:00:06]} {[%emt 00:00:16]} 44. Bg8 {[%clk 00:03:28]} {[%emt 00:00:21]}
h4 {[%clk 00:00:09]} {[%emt 00:00:03]} 45. Bc4 {[%clk 00:03:31]} {[%emt
00:00:02]} hxg3 {[%clk 00:00:11]} {[%emt 00:00:03]} 46. hxg3 {[%clk 00:03:35]}
Rd8 {[%clk 00:00:11]} {[%emt 00:00:06]} 47. f4 {[%clk 00:03:24]} {[%emt
00:00:15]} gxf4 {[%clk 00:00:10]} {[%emt 00:00:07]} 48. Rxf4 {[%clk 00:03:20]}
{[%emt 00:00:09]} Rh8 {[%clk 00:00:14]} {[%emt 00:00:01]} 49. Re4+ {[%clk
00:03:10]} {[%emt 00:00:14]} Kd7 {[%clk 00:00:16]} {[%emt 00:00:02]} 50. Re2
{[%clk 00:03:03]} {[%emt 00:00:13]} Rh7 {[%clk 00:00:15]} {[%emt 00:00:06]} 51.
g4 {[%clk 00:03:01]} {[%emt 00:00:07]} Rg7 {[%clk 00:00:18]} {[%emt 00:00:03]}
52. Be6+ {[%clk 00:03:01]} {[%emt 00:00:04]} Kd6 {[%clk 00:00:23]} 53. Bf5
{[%clk 00:03:05]} Be5 {[%clk 00:00:24]} {[%emt 00:00:04]} 54. Kd3 {[%clk
00:03:08]} {[%emt 00:00:02]} Rg8 {[%clk 00:00:26]} {[%emt 00:00:03]} 55. Kc4
{[%clk 00:03:12]} {[%emt 00:00:01]} Rh8 {[%clk 00:00:24]} {[%emt 00:00:07]} 56.
Kb5 {[%clk 00:03:13]} {[%emt 00:00:04]} Rh3 {[%clk 00:00:28]} {[%emt 00:00:01]}
57. Kc4 {[%clk 00:03:04]} {[%emt 00:00:13]} Rg3 {[%clk 00:00:32]} {[%emt
00:00:02]} 58. Rd2+ {[%clk 00:02:55]} {[%emt 00:00:14]} Bd4 {[%clk 00:00:36]}
59. Rh2 {[%clk 00:02:58]} Bf6 {[%clk 00:00:16]} {[%emt 00:00:25]} 60. Rh6
{[%clk 00:02:06]} {[%emt 00:00:57]} Ke5 {[%clk 00:00:20]} {[%emt 00:00:02]} 61.
Rh2 {[%clk 00:01:56]} {[%emt 00:00:15]} Kd6 {[%clk 00:00:23]} {[%emt 00:00:02]}
62. Re2 {[%clk 00:02:00]} Be5 {[%clk 00:00:22]} {[%emt 00:00:06]} 63. Bc8
{[%clk 00:02:03]} {[%emt 00:00:02]} Rg1 {[%clk 00:00:15]} {[%emt 00:00:12]} 64.
Bf5 {[%clk 00:01:29]} {[%emt 00:00:39]} Rg3 {[%clk 00:00:12]} {[%emt 00:00:08]}
65. Rf2 {[%clk 00:01:33]} Bd4 {[%clk 00:00:08]} {[%emt 00:00:09]} 66. Rd2
{[%clk 00:01:37]} {[%emt 00:00:01]} Kc6 {[%clk 00:00:07]} {[%emt 00:00:06]} 67.
Rh2 {[%clk 00:01:30]} {[%emt 00:00:13]} Rg1 {[%clk 00:10:05]} {[%emt 00:00:32]}
1/2-1/2

[Event "World Youth & Cadets Rapid Championships"]
[Site "Rhodes, Greece"]
[Date "2022.05.01"]
[Round "3.33"]
[White "Omonova, Umida"]
[Black "Sala, Giulia"]
[Result "1-0"]
[TimeControl "10'/game & 5\"/move"]
[WhiteElo "1856"]
[BlackElo "1889"]

1. e4 {[%clk 00:10:09]} e5 {[%clk 00:10:09]} {[%emt 00:00:01]} 2. Nf3 {[%clk
00:10:13]} {[%emt 00:00:01]} Nc6 {[%clk 00:10:13]} {[%emt 00:00:01]} 3. Bc4
{[%clk 00:10:17]} Bc5 {[%clk 00:10:17]} {[%emt 00:00:01]} 4. O-O {[%clk
00:10:21]} {[%emt 00:00:01]} Nf6 {[%clk 00:10:20]} {[%emt 00:00:03]} 5. d3
{[%clk 00:10:25]} {[%emt 00:00:01]} d6 {[%clk 00:10:21]} {[%emt 00:00:03]} 6.
c3 {[%clk 00:10:29]} {[%emt 00:00:01]} a6 {[%clk 00:10:24]} {[%emt 00:00:03]} 7.
a4 {[%clk 00:10:33]} Ba7 {[%clk 00:10:26]} {[%emt 00:00:03]} 8. Nbd2 {[%clk
00:10:37]} O-O {[%emt 00:00:04]} 9. h3 Ne7 {[%clk 00:10:29]} {[%emt 00:00:04]}
10. Re1 {[%clk 00:10:45]} Ng6 {[%clk 00:10:33]} {[%emt 00:00:01]} 11. Nf1
{[%clk 00:10:49]} {[%emt 00:00:02]} c6 {[%clk 00:10:28]} {[%emt 00:00:10]} 12.
Ng3 {[%clk 00:10:34]} {[%emt 00:00:20]} d5 {[%clk 00:10:26]} {[%emt 00:00:07]}
13. exd5 {[%clk 00:10:27]} {[%emt 00:00:12]} cxd5 {[%clk 00:10:30]} 14. Bb3
{[%clk 00:10:31]} {[%emt 00:00:01]} Re8 {[%clk 00:10:06]} {[%emt 00:00:28]} 15.
Bg5 {[%clk 00:10:35]} {[%emt 00:00:01]} Re6 {[%clk 00:09:37]} {[%emt 00:00:35]}
16. Nh5 {[%clk 00:10:18]} {[%emt 00:00:21]} Qd6 {[%clk 00:07:59]} {[%emt
00:01:43]} 17. Bxf6 {[%clk 00:09:53]} {[%emt 00:00:30]} gxf6 {[%clk 00:08:03]}
{[%emt 00:00:02]} 18. c4 {[%clk 00:09:50]} {[%emt 00:00:08]} dxc4 {[%emt
00:00:39]} 19. dxc4 {[%clk 00:08:39]} {[%emt 00:01:10]} Qe7 {[%clk 00:06:30]}
{[%emt 00:01:08]} 20. c5 {[%clk 00:06:55]} {[%emt 00:01:51]} Rc6 {[%clk
00:05:10]} {[%emt 00:01:24]} 21. Qd2 {[%clk 00:06:58]} {[%emt 00:00:02]} Bxc5
{[%clk 00:04:52]} {[%emt 00:00:24]} 22. Rad1 {[%emt 00:00:25]} Bf5 {[%clk
00:03:59]} {[%emt 00:00:36]} 23. Ng3 {[%emt 00:00:47]} Be6 {[%clk 00:03:33]}
{[%emt 00:00:10]} 24. Bxe6 {[%clk 00:06:42]} {[%emt 00:00:02]} fxe6 {[%clk
00:03:19]} {[%emt 00:00:19]} 25. Nh5 {[%emt 00:00:55]} Bb4 {[%clk 00:02:56]}
{[%emt 00:00:25]} 26. Nxf6+ {[%clk 00:04:56]} {[%emt 00:01:04]} Kg7 {[%emt
00:01:28]} 27. Nh5+ {[%clk 00:04:23]} {[%emt 00:00:21]} Kh8 {[%emt 00:00:08]}
28. Qe3 {[%clk 00:04:20]} {[%emt 00:00:07]} Bxe1 {[%clk 00:01:30]} {[%emt
00:00:23]} 29. Rxe1 {[%clk 00:04:24]} Rf8 {[%clk 00:01:00]} {[%emt 00:00:36]}
30. Nxe5 {[%clk 00:04:11]} {[%emt 00:00:18]} Rc5 {[%clk 00:00:27]} {[%emt
00:00:38]} 31. Nxg6+ hxg6 {[%clk 00:00:31]} 32. Qh6+ {[%clk 00:04:10]} {[%emt
00:00:01]} Kg8 33. Qxg6+ {[%clk 00:04:13]} Kh8 {[%clk 00:00:40]} 34. Nf4 {[%clk
00:03:51]} {[%emt 00:00:27]} Qf6 {[%clk 00:00:13]} {[%emt 00:00:32]} 35. Qxf6+
{[%clk 00:03:25]} {[%emt 00:00:31]} Rxf6 {[%clk 00:00:18]} {[%emt 00:00:01]} 36.
Nd3 {[%clk 00:03:27]} {[%emt 00:00:03]} Rc4 {[%clk 00:00:22]} {[%emt 00:00:01]}
37. a5 {[%clk 00:03:27]} {[%emt 00:00:05]} Rd4 {[%clk 00:00:26]} {[%emt
00:00:01]} 38. Nc5 {[%clk 00:03:30]} {[%emt 00:00:02]} Rd2 {[%clk 00:00:21]}
{[%emt 00:00:09]} 39. Ne4 {[%clk 00:03:34]} {[%emt 00:00:02]} Rfxf2 {[%clk
00:00:18]} {[%emt 00:00:08]} 40. Nxf2 {[%clk 00:03:38]} Rxb2 {[%clk 00:00:22]}
41. Rxe6 {[%clk 00:03:42]} {[%emt 00:00:01]} Rb5 {[%clk 00:00:26]} 42. Rb6
{[%clk 00:03:46]} {[%emt 00:00:01]} Rxa5 {[%clk 00:00:30]} {[%emt 00:00:01]} 43.
Rxb7 {[%clk 00:03:50]} Ra1+ {[%clk 00:00:34]} 44. Kh2 {[%clk 00:03:54]} a5
{[%clk 00:00:39]} {[%emt 00:00:01]} 45. Ra7 {[%clk 00:03:59]} a4 {[%clk
00:00:43]} 46. Nd3 {[%clk 00:04:03]} a3 {[%clk 00:00:48]} 47. Nb4 {[%clk
00:04:04]} {[%emt 00:00:04]} Rb1 {[%clk 00:00:50]} {[%emt 00:00:02]} 48. Nc2
{[%clk 00:04:07]} {[%emt 00:00:02]} Rb2 {[%clk 00:00:47]} {[%emt 00:00:08]} 49.
Nxa3 {[%clk 00:04:11]} {[%emt 00:00:01]} Ra2 {[%clk 00:00:52]} 50. Nb5 {[%clk
00:04:16]} Rb2 {[%clk 00:00:56]} {[%emt 00:00:01]} 51. Nd6 {[%clk 00:04:20]}
Rd2 {[%clk 00:01:00]} 52. Nf5 {[%clk 00:04:24]} Rf2 {[%clk 00:01:04]} 53. Ra5
{[%clk 00:04:25]} {[%emt 00:00:04]} Kh7 {[%clk 00:01:08]} {[%emt 00:00:01]} 54.
Kg3 {[%clk 00:04:29]} {[%emt 00:00:02]} Rd2 {[%clk 00:01:12]} 55. Ne3 {[%clk
00:04:31]} {[%emt 00:00:02]} Rd3 {[%clk 00:01:16]} 56. Kf4 {[%clk 00:04:35]}
{[%emt 00:00:01]} Rd8 {[%clk 00:01:21]} 57. Ra7+ {[%clk 00:04:39]} {[%emt
00:00:01]} Kh6 {[%clk 00:01:25]} 58. Ra6+ {[%clk 00:04:43]} {[%emt 00:00:01]}
Kh7 {[%clk 00:01:29]} 59. g4 {[%clk 00:04:47]} Rf8+ {[%clk 00:01:33]} {[%emt
00:00:01]} 60. Nf5 {[%clk 00:04:52]} Rf6 {[%clk 00:01:37]} {[%emt 00:00:02]} 61.
Rxf6 {[%clk 00:04:55]} {[%emt 00:00:02]} 1-0

[Event "World Youth & Cadets Rapid Championships"]
[Site "Rhodes, Greece"]
[Date "2022.05.01"]
[Round "3.34"]
[White "Starosta, Martyna"]
[Black "Siekanska, Maria"]
[Result "1/2-1/2"]
[TimeControl "10'/game & 5\"/move"]
[WhiteElo "1889"]
[BlackElo "1865"]

1. e4 {[%clk 00:10:08]} {[%emt 00:00:01]} c5 {[%clk 00:10:09]} {[%emt
00:00:01]} 2. Nf3 {[%clk 00:10:12]} {[%emt 00:00:01]} d6 {[%clk 00:10:13]}
{[%emt 00:00:01]} 3. d4 {[%clk 00:10:16]} {[%emt 00:00:01]} cxd4 {[%clk
00:10:17]} {[%emt 00:00:01]} 4. Nxd4 {[%clk 00:10:20]} {[%emt 00:00:01]} Nf6
{[%clk 00:10:20]} {[%emt 00:00:02]} 5. Nc3 {[%clk 00:10:24]} {[%emt 00:00:01]}
a6 {[%clk 00:10:24]} {[%emt 00:00:01]} 6. f4 {[%clk 00:10:27]} {[%emt
00:00:01]} b5 {[%clk 00:10:00]} {[%emt 00:00:29]} 7. Bd3 {[%clk 00:10:19]}
{[%emt 00:00:14]} Bb7 {[%clk 00:09:51]} {[%emt 00:00:14]} 8. Qf3 {[%clk
00:09:43]} {[%emt 00:00:41]} Nbd7 {[%clk 00:08:58]} {[%emt 00:00:58]} 9. Be3
{[%clk 00:09:09]} {[%emt 00:00:38]} b4 {[%clk 00:08:20]} {[%emt 00:00:44]} 10.
Nce2 {[%clk 00:06:59]} {[%emt 00:02:15]} e5 {[%clk 00:07:52]} {[%emt 00:00:32]}
11. Nf5 {[%clk 00:06:06]} {[%emt 00:00:58]} g6 {[%clk 00:07:21]} {[%emt
00:00:37]} 12. Nfg3 {[%clk 00:06:08]} {[%emt 00:00:03]} exf4 {[%clk 00:05:28]}
{[%emt 00:01:57]} 13. Bxf4 {[%clk 00:05:55]} {[%emt 00:00:19]} Ne5 {[%clk
00:05:06]} {[%emt 00:00:28]} 14. Bxe5 {[%clk 00:05:53]} {[%emt 00:00:06]} dxe5
{[%clk 00:05:09]} {[%emt 00:00:01]} 15. O-O-O {[%clk 00:05:37]} {[%emt
00:00:21]} Qb6 {[%clk 00:04:36]} {[%emt 00:00:39]} 16. h4 {[%clk 00:04:43]}
{[%emt 00:00:59]} h5 {[%clk 00:04:09]} {[%emt 00:00:32]} 17. Bc4 {[%clk
00:04:01]} {[%emt 00:00:47]} Be7 {[%clk 00:03:07]} {[%emt 00:01:07]} 18. Rhf1
{[%clk 00:03:06]} {[%emt 00:01:00]} a5 {[%clk 00:02:39]} {[%emt 00:00:33]} 19.
Bd5 {[%clk 00:02:29]} {[%emt 00:00:41]} a4 {[%clk 00:02:04]} {[%emt 00:00:41]}
20. Kb1 {[%clk 00:01:47]} {[%emt 00:00:47]} O-O {[%clk 00:01:46]} {[%emt
00:00:22]} 21. Bxb7 {[%clk 00:01:11]} {[%emt 00:00:42]} Qxb7 {[%clk 00:01:49]}
{[%emt 00:00:02]} 22. Qe3 {[%clk 00:00:56]} {[%emt 00:00:19]} Kh7 {[%clk
00:01:19]} {[%emt 00:00:36]} 23. Rd3 {[%clk 00:00:26]} {[%emt 00:00:35]} Ng4
{[%clk 00:01:15]} {[%emt 00:00:09]} 24. Qd2 {[%clk 00:00:29]} {[%emt 00:00:01]}
Rad8 {[%clk 00:00:49]} {[%emt 00:00:31]} 25. Nxh5 {[%clk 00:00:16]} {[%emt
00:00:19]} gxh5 {[%clk 00:00:34]} {[%emt 00:00:20]} 26. Rf5 {[%clk 00:00:19]}
{[%emt 00:00:01]} Qxe4 {[%clk 00:00:12]} {[%emt 00:00:26]} 27. Rxh5+ {[%clk
00:00:20]} {[%emt 00:00:06]} Kg8 {[%clk 00:00:13]} {[%emt 00:00:05]} 28. Ng3
{[%clk 00:00:09]} {[%emt 00:00:16]} Rxd3 {[%clk 00:00:12]} {[%emt 00:00:05]} 29.
cxd3 {[%clk 00:00:09]} {[%emt 00:00:04]} Qe3 {[%clk 00:00:12]} {[%emt
00:00:06]} 30. Qxe3 {[%clk 00:00:12]} {[%emt 00:00:02]} Nxe3 {[%clk 00:00:16]}
{[%emt 00:00:02]} 31. Rxe5 {[%clk 00:00:16]} Nxg2 {[%clk 00:00:16]} {[%emt
00:00:05]} 32. Rxe7 {[%clk 00:00:20]} Nxh4 {[%clk 00:00:20]} 33. Re4 {[%clk
00:00:24]} {[%emt 00:00:01]} Nf3 {[%clk 00:00:18]} {[%emt 00:00:07]} 34. Rxb4
{[%clk 00:00:26]} {[%emt 00:00:03]} Rd8 {[%clk 00:00:17]} {[%emt 00:00:06]} 35.
Rxa4 {[%clk 00:00:22]} {[%emt 00:00:09]} Rxd3 {[%clk 00:00:20]} {[%emt
00:00:02]} 36. Ne4 {[%clk 00:00:23]} {[%emt 00:00:04]} Nd4 {[%clk 00:00:13]}
{[%emt 00:00:12]} 37. Nf2 {[%clk 00:00:15]} {[%emt 00:00:13]} Rd2 {[%clk
00:00:15]} {[%emt 00:00:03]} 38. Kc1 {[%clk 00:00:18]} {[%emt 00:00:02]} Rxf2
{[%clk 00:00:12]} {[%emt 00:00:07]} 39. Rxd4 {[%clk 00:00:22]} f5 {[%clk
00:00:14]} {[%emt 00:00:03]} 40. Rd7 {[%clk 00:00:22]} {[%emt 00:00:06]} f4
{[%clk 00:00:15]} {[%emt 00:00:04]} 41. a4 {[%clk 00:00:26]} f3 {[%clk
00:00:19]} {[%emt 00:00:02]} 42. a5 {[%clk 00:00:30]} {[%emt 00:00:01]} Re2
{[%clk 00:00:14]} {[%emt 00:00:10]} 43. Kd1 {[%clk 00:00:24]} {[%emt 00:00:11]}
Rxb2 {[%clk 00:00:16]} {[%emt 00:00:03]} 44. Rd5 {[%clk 00:00:22]} {[%emt
00:00:07]} 1/2-1/2

[Event "World Youth & Cadets Rapid Championships"]
[Site "Rhodes, Greece"]
[Date "2022.05.01"]
[Round "3.35"]
[White "Aydin, Gulenay"]
[Black "Berezovsky, Fiorina"]
[Result "1-0"]
[TimeControl "10'/game & 5\"/move"]
[WhiteElo "2143"]
[BlackElo "1435"]

1. e4 {[%clk 00:10:09]} c5 {[%clk 00:10:09]} {[%emt 00:00:02]} 2. Nf3 {[%clk
00:10:12]} {[%emt 00:00:01]} e6 {[%clk 00:10:13]} {[%emt 00:00:01]} 3. d3
{[%clk 00:10:08]} {[%emt 00:00:09]} Nc6 {[%clk 00:10:11]} {[%emt 00:00:07]} 4.
g3 {[%clk 00:10:09]} {[%emt 00:00:04]} d6 {[%clk 00:10:10]} {[%emt 00:00:07]} 5.
Bg2 {[%clk 00:10:12]} {[%emt 00:00:02]} Nf6 {[%clk 00:10:13]} {[%emt 00:00:01]}
6. O-O {[%clk 00:10:15]} {[%emt 00:00:02]} Be7 {[%clk 00:10:07]} {[%emt
00:00:11]} 7. Nbd2 {[%clk 00:10:18]} {[%emt 00:00:02]} O-O {[%clk 00:10:10]}
{[%emt 00:00:02]} 8. Re1 {[%clk 00:10:19]} {[%emt 00:00:04]} Qc7 {[%clk
00:10:10]} {[%emt 00:00:06]} 9. Qe2 {[%clk 00:10:17]} {[%emt 00:00:07]} a6
{[%clk 00:09:54]} {[%emt 00:00:21]} 10. Nf1 {[%clk 00:10:09]} {[%emt 00:00:13]}
Nd7 {[%clk 00:09:52]} {[%emt 00:00:07]} 11. h4 {[%clk 00:10:07]} {[%emt
00:00:06]} Nde5 {[%clk 00:09:50]} {[%emt 00:00:07]} 12. N1h2 {[%clk 00:09:42]}
{[%emt 00:00:30]} Bf6 {[%clk 00:09:14]} {[%emt 00:00:42]} 13. h5 {[%clk
00:08:27]} {[%emt 00:01:19]} Nxf3+ {[%clk 00:08:45]} {[%emt 00:00:34]} 14. Nxf3
{[%clk 00:08:29]} {[%emt 00:00:03]} Nd4 {[%clk 00:08:22]} {[%emt 00:00:28]} 15.
Nxd4 {[%clk 00:08:04]} {[%emt 00:00:30]} Bxd4 {[%clk 00:08:02]} {[%emt
00:00:25]} 16. c3 {[%clk 00:07:08]} {[%emt 00:01:01]} Bf6 {[%clk 00:07:51]}
{[%emt 00:00:16]} 17. f4 {[%clk 00:07:04]} {[%emt 00:00:09]} e5 {[%clk
00:07:29]} {[%emt 00:00:27]} 18. h6 {[%clk 00:05:25]} {[%emt 00:01:44]} g6
{[%clk 00:06:59]} {[%emt 00:00:34]} 19. g4 {[%clk 00:05:10]} {[%emt 00:00:21]}
b5 {[%clk 00:06:25]} {[%emt 00:00:40]} 20. Rf1 {[%clk 00:04:33]} {[%emt
00:00:40]} Qe7 {[%clk 00:05:45]} {[%emt 00:00:46]} 21. g5 {[%clk 00:03:59]}
{[%emt 00:00:39]} Bh8 {[%clk 00:05:47]} {[%emt 00:00:03]} 22. f5 {[%clk
00:03:57]} {[%emt 00:00:07]} Bb7 {[%clk 00:04:49]} {[%emt 00:01:04]} 23. f6
{[%clk 00:03:51]} {[%emt 00:00:11]} Qe6 {[%clk 00:04:53]} {[%emt 00:00:01]} 24.
Be3 {[%clk 00:03:40]} {[%emt 00:00:15]} Rfc8 {[%clk 00:04:43]} {[%emt
00:00:14]} 25. a4 {[%clk 00:03:30]} {[%emt 00:00:16]} c4 {[%clk 00:04:42]}
{[%emt 00:00:06]} 26. axb5 {[%clk 00:02:52]} {[%emt 00:00:43]} axb5 {[%clk
00:04:41]} {[%emt 00:00:07]} 27. d4 {[%clk 00:02:55]} {[%emt 00:00:02]} exd4
{[%clk 00:04:32]} {[%emt 00:00:14]} 28. Bxd4 {[%clk 00:02:57]} {[%emt
00:00:02]} Re8 {[%clk 00:04:14]} {[%emt 00:00:23]} 29. Rfe1 {[%clk 00:02:28]}
{[%emt 00:00:35]} Ra4 {[%clk 00:03:34]} {[%emt 00:00:44]} 30. Kh2 {[%clk
00:01:12]} {[%emt 00:01:21]} Rea8 {[%clk 00:02:59]} {[%emt 00:00:40]} 31. Rxa4
{[%clk 00:01:01]} {[%emt 00:00:17]} Rxa4 {[%clk 00:02:42]} {[%emt 00:00:21]} 32.
Bh3 {[%clk 00:01:02]} {[%emt 00:00:05]} Qe8 {[%clk 00:02:29]} {[%emt 00:00:17]}
33. e5 {[%clk 00:00:54]} {[%emt 00:00:13]} dxe5 {[%clk 00:01:43]} {[%emt
00:00:50]} 34. Qxe5 {[%clk 00:00:57]} {[%emt 00:00:03]} Qxe5+ {[%clk 00:01:29]}
{[%emt 00:00:19]} 35. Rxe5 {[%clk 00:01:01]} Bc6 {[%clk 00:01:26]} {[%emt
00:00:08]} 36. Bg2 {[%clk 00:00:55]} {[%emt 00:00:11]} Bd7 {[%clk 00:01:17]}
{[%emt 00:00:14]} 37. Rd5 {[%clk 00:00:57]} {[%emt 00:00:03]} Be8 {[%clk
00:00:55]} {[%emt 00:00:27]} 38. Rd8 {[%clk 00:01:00]} {[%emt 00:00:02]} Kf8
{[%clk 00:00:07]} {[%emt 00:00:52]} 39. Bc5+ {[%clk 00:01:04]} {[%emt
00:00:02]} Kg8 {[%clk 00:00:11]} 40. Rxe8# {[%clk 00:01:08]} {[%emt 00:00:02]}
1-0